EG (Record no. 79777)

MARC details
000 -LEADER
fixed length control field 01055cab a22002295a 4500
001 - CONTROL NUMBER
control field L142334
008 - FIXED-LENGTH DATA ELEMENTS--GENERAL INFORMATION
fixed length control field 080206e20080202xxk f 000 0 eng d
035 ## - SYSTEM CONTROL NUMBER
System control number (Sirsi) u142334
041 0# - LANGUAGE CODE
Language code of text/sound track or separate title eng
100 1# - MAIN ENTRY--PERSONAL NAME
Personal name Nealy, Jon
245 00 - TITLE STATEMENT
Title EG
Remainder of title Industrial
260 ## - PUBLICATION, DISTRIBUTION, ETC.
Date of publication, distribution, etc. 2008
490 ## - SERIES STATEMENT
Series statement Estates Gazette
Volume/sequential designation (0804) 2 February 2008, 99-119(15)
520 ## - SUMMARY, ETC.
Summary, etc. Reports on trends and major projects in industrial property. Examines the infrastructural and ecological benefits of moving freight from road to rail, and addresses obstacles associated with this. Suggests that the market for industrial property may see value returning in 2008. Takeup at Heathrow was disappointing in 2007, but agents and landlords have expressed optimism. Reports on the possibilities offered by multi-level warehouses, and asks whether the property market is ready for such an idea.
590 ## - LOCAL NOTE (RLIN)
Local note KA
651 #4 - SUBJECT ADDED ENTRY--GEOGRAPHIC NAME
Geographic name United Kingdom
Chronological subdivision
690 ## - LOCAL SUBJECT ADDED ENTRY--TOPICAL TERM (OCLC, RLIN)
Topical term or geographic name as entry element PROPERTY-INDUSTRIAL PROPERTY
700 1# - ADDED ENTRY--PERSONAL NAME
Personal name Morrison, Adrian
700 1# - ADDED ENTRY--PERSONAL NAME
Personal name Harris, David
700 1# - ADDED ENTRY--PERSONAL NAME
Personal name Clift, Patrick
942 ## - ADDED ENTRY ELEMENTS (KOHA)
Suppress in OPAC 0
Holdings
Withdrawn status Lost status Source of classification or shelving scheme Damaged status Not for loan Home library Current library Shelving location Date acquired Total Checkouts Full call number Barcode Date last seen Copy number Price effective from Koha item type
    Dewey Decimal Classification     London London Journal article 06/02/2008   L142334 142334-1001 06/08/2019 1 06/08/2019 Journal article